| 000 | 00743 a2200193 4500 | ||
|---|---|---|---|
| 003 | NUST | ||
| 005 | 20251111190454.0 | ||
| 040 | _cNust | ||
| 082 | _a621.382,RAS | ||
| 100 |
_aRasheed, GC Farhan, (TCC-10) _9131822 |
||
| 245 |
_aSpread spectrum transceiver / _cGC Farhan Rasheed, GC Wajahat Jamil & GC Omer Cheema, GC Kashif Bashir and GC Yousaf Javed. |
||
| 260 |
_aRawalpindi _bMCS (NUST) _c2002 |
||
| 300 | _a113 p.; | ||
| 505 | _aSpread Spectrum (Page-1), RF Design (Page-39), Block Diagram (page-62), Modules (Page-69), Software (Page-970, Problems Faced and Suggestions for Future (Page-109). | ||
| 650 |
_aUG Projects _998716 |
||
| 651 |
_aTCC-10 _9131808 |
||
| 700 |
_aSupervised by Lt Col Raja Iqbal _9131785 |
||
| 942 |
_cPR _2ddc |
||
| 999 |
_c188625 _d188625 |
||